000 00731nam a22002057a 4500
999 _c6810
_d6810
003 AR-CdUCM
008 190319b ||||| |||| 00| 0 spa d
040 _aMUNICIPALIDAD PROVINCIAL DEL CUSCO
_cBIBLIOTECA MUNICIPAL DEL CUSCO
082 _23ed.
_a869.56 /
_bL86
100 _aLópez Albújar, Enrique
_96
245 _aCuentos andinos /
260 _aLima :
_bMejia Baca,
_c1950.
300 _a158 páginas ;
_c21 cm.
500 _aDonación familia Nieto
505 _aContenido: Los tres jircas -- a soberbia del piojo -- El campeón de la muerte -- Ushanan-jampi -- El hombre de la bandera -- El licenciado Aponte ...
650 _aCuentos de costumbres
_934
650 _aSiglo XX
_98
942 _2ddc
_cLIBROS
945 _aafb